00640cam a22002051 4500001001300000003000400013005001700017008004100034010001700075035001800092040001800110042001200128050001800140110004500158245014800203260002300351300001800374650002500392999001700417sa 68019886 DLC20260227112720.0740507s1966 xx 000 0 ind  asa 68019886  a(OCoLC)879498 aDLCcOAUdDLC apremarc00aHE563.I6bA541 aIndonesia.bDepartemen Perhubungan Laut.10aKertas kerdja mengenai materi diluar bidang DEPERLA jang mempengaruhi proses pelaksanaan angkutan laut nasional dalam wilajah pelabuhan/pabean. a[Djakarta,c1966?] a10 l.c32 cm. 0aShippingzIndonesia. c89128d89128